New Look at Aurobindo (Record no. 6803)

MARC details
000 -LEADER
fixed length control field 00561nam a2200241 a 4500
020 ## - INTERNATIONAL STANDARD BOOK NUMBER
ISBN
082 00 - DEWEY DECIMAL CLASSIFICATION NUMBER
Classification number 181.4
Author Cutter THO
100 ## - MAIN ENTRY--AUTHOR NAME
Author name Thompson, Frank
245 ## - TITLE STATEMENT
Title New Look at Aurobindo
260 ## - PUBLICATION, DISTRIBUTION, ETC. (IMPRINT)
Place of publication Bangalore
Name of publisher CISRS
Year of publication 1990
300 ## - PHYSICAL DESCRIPTION
Number of Pages 106p
500 ## - GENERAL NOTE
General note includes index and biblioraphy
505 2# - FORMATTED CONTENTS NOTE
Formatted contents note Index
650 ## - SUBJECT ADDED ENTRY--TOPICAL TERM
Topical Term Philosophy-Aurobindo
942 ## - ADDED ENTRY ELEMENTS (KOHA)
Koha item type Books
700 1# -
-- Thompson, Frank
Holdings
Collection code Home library Current library Date acquired Cost, normal purchase price Full call number Accession Number Koha item type
  Henry Martyn Institute Library Henry Martyn Institute Library 03/16/2007 40.00 181.4 THO 013912 Books
                   Copyright © 2026 | Henry Martyn Institute | Hyderabad | TS-500052 | INDIA | Implemented by hmi.edu.in
Hit-Count:

Powered by Koha